Pastoral Andina / (Record no. 22054)

000 -CABECERA
fixed length control field 01107nam a22002177a 4500
003 - IDENTIFICADOR DEL NÚMERO DE CONTROL
control field AR-CdUCM
008 - DATOS DE LONGITUD FIJA--INFORMACIÓN GENERAL
fixed length control field 190425b ||||| |||| 00| 0 spa d
040 ## - FUENTE DE LA CATALOGACIÓN
Agencia/entidad que catalogó originalmente la obra MUNICIPALIDAD PROVINCIAL DEL CUSCO
Entidad que transcribió la catalogación BIBLIOTECA MUNICIPAL DEL CUSCO
082 ## - NÚMERO DE LA CLASIFICACIÓN DECIMAL DEWEY
No. de Clasificación Past.Andina/N°15/1976
110 ## - ENTRADA PRINCIPAL--NOMBRE DE ENTIDAD CORPORATIVA
Nombre de la institución, jurisdicción como entrada principal Instituto de Pastoral Andina
9 (RLIN) 12766
245 ## - MENCIÓN DE TÍTULO
Título Pastoral Andina /
Mención de responsabilidad Instituto de Pastoral Andina
260 ## - PUBLICACIÓN, DISTRIBUCIÓN, ETC.
Lugar de publicación, distribución, etc. Cusco :
Nombre de la editorial, distribuidor, etc. Instituto de Pastoral Andina,
-- Imprenta Prelatura de Sicuani,
Fecha de publicación, distribución, etc. 1976.
300 ## - DESCRIPCIÓN FÍSICA
Nº de Páginas Extensión 43 páginas. :
Dimensiones 21 cm.
440 ## - MENCIÓN DE SERIE/PUNTO DE ACCESO ADICIONAL--TÍTULO
Título Boletín bimestral del Instituto de Pastoral Andina Cusco.
Número de la parte/sección de una obra N°15, marzo 1976.
9 (RLIN) 47303
505 ## - NOTA DE CONTENIDO CON FORMATO
Nota de contenido formateada Contenido: Participación popular. Episcopado peruano CEAS. -- La fe se explicita en la construcción del Reino. Equipo de Belén Huarocondo. -- T´inkachiy en Caylloma. -- La Misa importación o creatividad. Equipo parroquial de Callapuja. -- Elementos para una proyeción del Departamento de la Formación del I.P.A.
650 ## - PUNTO DE ACCESO ADICIONAL DE MATERIA--TÉRMINO DE MATERIA
Descriptor Catolicismo
9 (RLIN) 2175
650 ## - PUNTO DE ACCESO ADICIONAL DE MATERIA--TÉRMINO DE MATERIA
Descriptor Evangelización católica
9 (RLIN) 47304
650 ## - PUNTO DE ACCESO ADICIONAL DE MATERIA--TÉRMINO DE MATERIA
Descriptor Religión católica
9 (RLIN) 47305
942 ## - ELEMENTOS DE PUNTO DE ACCESO ADICIONAL (KOHA)
Fuente de clasificación
Tipo de item Revistas cusqueñas
945 ## - PROCESAMIENTO DE INFORMACIÓN LOCAL (OCLC)
Catalogador rac
Holdings
Estado de retiro (separado) Fuente de clasificación o esquema de estanterías Estado dañado Ubicación Sala donde se ubica Nombre de la colección Fecha de adquisición o compra Costo, precio normal en soles Signatura topográfica Código de Barras Última vez visto (Koha) Tipo de ítem (Koha)
No     Sala Hemeroteca Sala Hemeroteca Book Cart 2022-02-28 5.00 Past.Andina/N°15/1976 REVC000637 2022-02-28 Revistas cusqueñas

Powered by Koha